Giáo trình phương pháp dạy học kinh tế gia đình Sách dành cho cao đẳng sư phạm

Spremljeno u:
Bibliografski detalji
Glavni autor: Nguyễn, Thị Diệu Thảo
Format: Knjiga
Jezik:Undetermined
Izdano: H. ĐHSP 2007
Teme:
Online pristup:http://lrc.tdmu.edu.vn/opac/search/detail.asp?aID=2&ID=5613
Oznake: Dodaj oznaku
Bez oznaka, Budi prvi tko označuje ovaj zapis!
Thư viện lưu trữ: Trung tâm Học liệu Trường Đại học Thủ Dầu Một
LEADER 00697nam a2200205Ia 4500
001 TDMU_5613
008 210410s9999 xx 000 0 und d
082 |a 371.3 
090 |b NG525 
100 |a Nguyễn, Thị Diệu Thảo 
245 0 |a Giáo trình phương pháp dạy học kinh tế gia đình 
245 0 |b Sách dành cho cao đẳng sư phạm 
245 0 |c Nguyễn Thị Diệu Thảo 
260 |a H. 
260 |b ĐHSP 
260 |c 2007 
300 |a 176tr. 
650 |a Kinh tế gia đình  |v Giáo trình 
856 |u http://lrc.tdmu.edu.vn/opac/search/detail.asp?aID=2&ID=5613 
980 |a Trung tâm Học liệu Trường Đại học Thủ Dầu Một